The man in the Hat / (Record no. 532745)

000 -LEADER
fixed length control field 00353nam a22001457a 4500
003 - CONTROL NUMBER IDENTIFIER
control field NUST
020 ## - INTERNATIONAL STANDARD BOOK NUMBER
International Standard Book Number 9789694025636
Qualifying information H/B.
038 ## - RECORD CONTENT LICENSOR
Staff Name waseem
082 ## - DEWEY DECIMAL CLASSIFICATION NUMBER
Classification number 307.1412092
Author Mark COS
100 ## - MAIN ENTRY--PERSONAL NAME
Personal name Cossins, Noel
9 (RLIN) 26322
245 ## - TITLE STATEMENT
Title The man in the Hat /
Statement of responsibility, etc. Noel Cossins
260 ## - PUBLICATION, DISTRIBUTION, ETC.
Place of publication, distribution, etc. Karachi :
Name of publisher, distributor, etc. Vanguard Books,
Date of publication, distribution, etc. 2013.
300 ## - PHYSICAL DESCRIPTION
Extent 709 p. ;
942 ## - ADDED ENTRY ELEMENTS (KOHA)
Source of classification or shelving scheme
Koha item type Book
Holdings
Withdrawn status Lost status Source of classification or shelving scheme Damaged status Not for loan Permanent Location Current Location Date acquired Source of acquisition Total Checkouts Full call number Barcode Date last seen Price effective from Koha item type
          Central Library (CL) Central Library (CL) 11/30/2019 Donation   307.1412092 COS CL-D-800 11/30/2019 11/30/2019 Book
© 2023 Central Library, National University of Sciences and Technology. All Rights Reserved.